One Piece Prime - Statistiques

Statistiques générales
  • Ce quiz a été pris 685 fois
  • Le résultat moyen est 29 sur 50
Statistiques - réponses
Prime Réponse % Correct
5.046.000.000 Edward Newgate
99%
5.564.800.000 Gol D. Roger
99%
4.388.000.000 Charlotte Linlin
98%
1.500.000.000 Monkey D. Luffy
98%
4.611.100.000 Kaido
97%
4.048.900.000 Shanks
97%
2.247.600.000 Marshall D. Teach
96%
320.000.000 Roronoa Zoro
93%
330.000.000 Vinsmoke Sanji
92%
1.057.000.000 Charlotte Katakuri
88%
500.000.000 Trafalgar D. Water Law
88%
470.000.000 Eustass Kid
86%
130.000.000 Nico Robin
81%
1.000.000.000 Jack
80%
1.320.000.000 Queen
80%
550.000.000 Portgas D. Ace
79%
340.000.000 Don Quichotte Doflamingo
78%
438.000.000 Jinbe
77%
860.000.000 Charlotte Cracker
75%
602.000.000 Sabo
72%
932.000.000 Charlotte Smoothie
71%
200.000.000 God Usopp
69%
320.000.000 Basil Hawkins
64%
140.000.000 Jewelry Bonney
62%
350.000.000 Capone Bege
61%
320.000.000 Gecko Moria
61%
200.000.000 Killer
61%
700.000.000 Charlotte Perospero
60%
296.000.000 Bartholomew Kuma
59%
222.000.000 X Drake
59%
350.000.000 Scratchmen Apoo
56%
300.000.000 Charlotte Oven
41%
200.000.000 Bartolomeo
36%
300.000.000 César Clown
35%
300.000.000 Charlotte Daifuku
35%
330.000.000 Cavendish
33%
600.000.000 Charlotte Snack
33%
542.000.000 Chinjao
31%
195.000.000 Bellamy
29%
382.000.000 Pedro
28%
330.000.000 Pekoms
27%
210.000.000 Caribou
25%
550.000.000 Little Oars Jr.
25%
480.000.000 Edward Weevil
24%
210.000.000 Sai
21%
230.000.000 Fisher Tiger
20%
429.000.000 Tamago
20%
190.000.000 Coribou
18%
148.000.000 Orlumbus
14%
210.000.000 Squard
11%
Aucun quiz correspondant
Distribution des résultats
% des personnes avec chaque résultat
Percentile par nombre de réponses
Votre historique - résultats
Vous n’avez pas pris ce quiz